Months of the Year Etymology - Statistics

General Stats
  • This quiz has been taken 10 times
  • The average score is 9 of 12
Answer Stats
Hint Answer % Correct
August Augustus
100%
July Julius Caesar
100%
January Janus
88%
June Juno
88%
March Mars
88%
October Eight
75%
November Nine
75%
September Seven
75%
December Ten
75%
April Aphrodite / Open
63%
May Maia
25%
February Purification
0%
No matching quizzes found
Score Distribution
Percent of People with Each Score
Percentile by Number Answered
Your Score History
You have not taken this quiz